000 00687cam a22002531a 4500
999 _c23683
_d23683
001 YPZ93581
003 YPZ
005 20200415141751.0
008 101103|###########||||||b||||||||||spa|d
020 _a9789875743311
040 _cSIUNPA
041 _aspa
044 _aag
080 _a94(828) B677c
100 _aBohoslavsky, Ernesto.
245 _aEl complot patagónico
_b : nación, conspiracionismo y violencia en el sur de Argentina y Chile (siglos XIX y XX)
260 _aBuenos Aires
_b : Prometeo
_c , 2009
300 _a273 p.
650 _a HISTORIA ARGENTINA
650 _a REGION PATAGONICA
650 _a SIGLO XIX
650 _a SIGLO XX
942 _cBK
_2udc